<?xml version="1.0" encoding="UTF-8"?>
<record
    xmlns:xsi="http://www.w3.org/2001/XMLSchema-instance"
    xsi:schemaLocation="http://www.loc.gov/MARC21/slim http://www.loc.gov/standards/marcxml/schema/MARC21slim.xsd"
    xmlns="http://www.loc.gov/MARC21/slim">

  <leader>01475nam a22006377a 4500</leader>
  <controlfield tag="003">OSt</controlfield>
  <controlfield tag="005">20140310184512.0</controlfield>
  <controlfield tag="008">131016t        xxu||||| |||| 00| 0 eng d</controlfield>
  <datafield tag="020" ind1=" " ind2=" ">
    <subfield code="a">0590454528</subfield>
  </datafield>
  <datafield tag="050" ind1=" " ind2=" ">
    <subfield code="a">PZ 8.3</subfield>
    <subfield code="b">.Se4684Ch 1962</subfield>
  </datafield>
  <datafield tag="100" ind1=" " ind2=" ">
    <subfield code="a">Sendak, Maurice.</subfield>
    <subfield code="9">29285</subfield>
  </datafield>
  <datafield tag="245" ind1=" " ind2=" ">
    <subfield code="a">Chicken soup with rice : </subfield>
    <subfield code="b">a book of months / </subfield>
    <subfield code="c">Maurice Sendak.</subfield>
  </datafield>
  <datafield tag="260" ind1=" " ind2=" ">
    <subfield code="a">New York, NY :</subfield>
    <subfield code="b">Scholastic Inc.,</subfield>
    <subfield code="c">1962.</subfield>
  </datafield>
  <datafield tag="300" ind1=" " ind2=" ">
    <subfield code="a">30 p. :</subfield>
    <subfield code="b">col. ill. ;</subfield>
    <subfield code="c">16 cm.</subfield>
  </datafield>
  <datafield tag="521" ind1=" " ind2=" ">
    <subfield code="a">G1</subfield>
  </datafield>
  <datafield tag="526" ind1=" " ind2=" ">
    <subfield code="c">230</subfield>
  </datafield>
  <datafield tag="650" ind1=" " ind2=" ">
    <subfield code="a">Months</subfield>
    <subfield code="x">Poetry.</subfield>
    <subfield code="9">29286</subfield>
  </datafield>
  <datafield tag="942" ind1=" " ind2=" ">
    <subfield code="2">lcc</subfield>
    <subfield code="c">BK-SCHOLAS</subfield>
  </datafield>
  <datafield tag="999" ind1=" " ind2=" ">
    <subfield code="c">34914</subfield>
    <subfield code="d">34914</subfield>
  </datafield>
  <datafield tag="952" ind1=" " ind2=" ">
    <subfield code="0">0</subfield>
    <subfield code="1">0</subfield>
    <subfield code="2">lcc</subfield>
    <subfield code="4">0</subfield>
    <subfield code="a">LUX</subfield>
    <subfield code="b">LUX</subfield>
    <subfield code="c">SCHO</subfield>
    <subfield code="d">2013-10-16</subfield>
    <subfield code="l">0</subfield>
    <subfield code="o">PZ 8.3 .Se4684Ch 1962</subfield>
    <subfield code="p">SCHO0793</subfield>
    <subfield code="r">2017-04-18 00:00:00</subfield>
    <subfield code="t">1</subfield>
    <subfield code="w">2013-10-16</subfield>
    <subfield code="y">BK</subfield>
  </datafield>
  <datafield tag="952" ind1=" " ind2=" ">
    <subfield code="0">0</subfield>
    <subfield code="1">0</subfield>
    <subfield code="2">lcc</subfield>
    <subfield code="4">0</subfield>
    <subfield code="a">LUX</subfield>
    <subfield code="b">LUX</subfield>
    <subfield code="c">SCHO</subfield>
    <subfield code="d">2013-10-16</subfield>
    <subfield code="l">0</subfield>
    <subfield code="o">PZ 8.3 .Se4684Ch 1962</subfield>
    <subfield code="p">SCHO0792</subfield>
    <subfield code="r">2017-04-18 00:00:00</subfield>
    <subfield code="t">2</subfield>
    <subfield code="w">2013-10-16</subfield>
    <subfield code="y">BK</subfield>
  </datafield>
  <datafield tag="952" ind1=" " ind2=" ">
    <subfield code="0">0</subfield>
    <subfield code="1">0</subfield>
    <subfield code="2">lcc</subfield>
    <subfield code="4">0</subfield>
    <subfield code="a">LUX</subfield>
    <subfield code="b">LUX</subfield>
    <subfield code="c">SCHO</subfield>
    <subfield code="d">2013-10-16</subfield>
    <subfield code="l">0</subfield>
    <subfield code="o">PZ 8.3 .Se4684Ch 1962</subfield>
    <subfield code="p">SCHO0803</subfield>
    <subfield code="r">2017-04-18 00:00:00</subfield>
    <subfield code="t">3</subfield>
    <subfield code="w">2013-10-16</subfield>
    <subfield code="y">BK</subfield>
  </datafield>
  <datafield tag="952" ind1=" " ind2=" ">
    <subfield code="0">0</subfield>
    <subfield code="1">0</subfield>
    <subfield code="2">lcc</subfield>
    <subfield code="4">0</subfield>
    <subfield code="a">LUX</subfield>
    <subfield code="b">LUX</subfield>
    <subfield code="c">SCHO</subfield>
    <subfield code="d">2013-10-16</subfield>
    <subfield code="l">0</subfield>
    <subfield code="o">PZ 8.3 .Se4684Ch 1962</subfield>
    <subfield code="p">SCHO0802</subfield>
    <subfield code="r">2017-04-18 00:00:00</subfield>
    <subfield code="t">4</subfield>
    <subfield code="w">2013-10-16</subfield>
    <subfield code="y">BK</subfield>
  </datafield>
  <datafield tag="952" ind1=" " ind2=" ">
    <subfield code="0">0</subfield>
    <subfield code="1">0</subfield>
    <subfield code="2">lcc</subfield>
    <subfield code="4">0</subfield>
    <subfield code="a">LUX</subfield>
    <subfield code="b">LUX</subfield>
    <subfield code="c">SCHO</subfield>
    <subfield code="d">2013-10-16</subfield>
    <subfield code="l">0</subfield>
    <subfield code="o">PZ 8.3 .Se4684Ch 1962</subfield>
    <subfield code="p">SCHO0784</subfield>
    <subfield code="r">2017-04-18 00:00:00</subfield>
    <subfield code="t">5</subfield>
    <subfield code="w">2013-10-16</subfield>
    <subfield code="y">BK</subfield>
  </datafield>
  <datafield tag="952" ind1=" " ind2=" ">
    <subfield code="0">0</subfield>
    <subfield code="1">0</subfield>
    <subfield code="2">lcc</subfield>
    <subfield code="4">0</subfield>
    <subfield code="a">LUX</subfield>
    <subfield code="b">LUX</subfield>
    <subfield code="c">SCHO</subfield>
    <subfield code="d">2013-10-16</subfield>
    <subfield code="l">0</subfield>
    <subfield code="o">PZ 8.3 .Se4684Ch 1962</subfield>
    <subfield code="p">SCHO0783</subfield>
    <subfield code="r">2017-04-18 00:00:00</subfield>
    <subfield code="t">6</subfield>
    <subfield code="w">2013-10-16</subfield>
    <subfield code="y">BK</subfield>
  </datafield>
  <datafield tag="952" ind1=" " ind2=" ">
    <subfield code="0">0</subfield>
    <subfield code="1">0</subfield>
    <subfield code="2">lcc</subfield>
    <subfield code="4">0</subfield>
    <subfield code="a">LUX</subfield>
    <subfield code="b">LUX</subfield>
    <subfield code="c">SCHO</subfield>
    <subfield code="d">2013-10-16</subfield>
    <subfield code="l">0</subfield>
    <subfield code="o">PZ 8.3 .Se4684Ch 1962</subfield>
    <subfield code="p">SCHO0801</subfield>
    <subfield code="r">2017-04-18 00:00:00</subfield>
    <subfield code="t">7</subfield>
    <subfield code="w">2013-10-16</subfield>
    <subfield code="y">BK</subfield>
  </datafield>
  <datafield tag="952" ind1=" " ind2=" ">
    <subfield code="0">0</subfield>
    <subfield code="1">0</subfield>
    <subfield code="2">lcc</subfield>
    <subfield code="4">0</subfield>
    <subfield code="a">LUX</subfield>
    <subfield code="b">LUX</subfield>
    <subfield code="c">SCHO</subfield>
    <subfield code="d">2013-10-16</subfield>
    <subfield code="l">0</subfield>
    <subfield code="o">PZ 8.3 .Se4684Ch 1962</subfield>
    <subfield code="p">SCHO0800</subfield>
    <subfield code="r">2017-04-18 00:00:00</subfield>
    <subfield code="t">8</subfield>
    <subfield code="w">2013-10-16</subfield>
    <subfield code="y">BK</subfield>
  </datafield>
  <datafield tag="952" ind1=" " ind2=" ">
    <subfield code="0">0</subfield>
    <subfield code="1">0</subfield>
    <subfield code="2">lcc</subfield>
    <subfield code="4">0</subfield>
    <subfield code="a">LUX</subfield>
    <subfield code="b">LUX</subfield>
    <subfield code="c">SCHO</subfield>
    <subfield code="d">2013-10-16</subfield>
    <subfield code="l">0</subfield>
    <subfield code="o">PZ 8.3 .Se4684Ch 1962</subfield>
    <subfield code="p">SCHO0799</subfield>
    <subfield code="r">2017-04-18 00:00:00</subfield>
    <subfield code="t">9</subfield>
    <subfield code="w">2013-10-16</subfield>
    <subfield code="y">BK</subfield>
  </datafield>
  <datafield tag="952" ind1=" " ind2=" ">
    <subfield code="0">0</subfield>
    <subfield code="1">0</subfield>
    <subfield code="2">lcc</subfield>
    <subfield code="4">0</subfield>
    <subfield code="a">LUX</subfield>
    <subfield code="b">LUX</subfield>
    <subfield code="c">SCHO</subfield>
    <subfield code="d">2013-10-16</subfield>
    <subfield code="l">0</subfield>
    <subfield code="o">PZ 8.3 .Se4684Ch 1962</subfield>
    <subfield code="p">SCHO0791</subfield>
    <subfield code="r">2017-04-18 00:00:00</subfield>
    <subfield code="t">10</subfield>
    <subfield code="w">2013-10-16</subfield>
    <subfield code="y">BK</subfield>
  </datafield>
  <datafield tag="952" ind1=" " ind2=" ">
    <subfield code="0">0</subfield>
    <subfield code="1">0</subfield>
    <subfield code="2">lcc</subfield>
    <subfield code="4">0</subfield>
    <subfield code="a">LUX</subfield>
    <subfield code="b">LUX</subfield>
    <subfield code="c">SCHO</subfield>
    <subfield code="d">2013-10-16</subfield>
    <subfield code="l">0</subfield>
    <subfield code="o">PZ 8.3 .Se4684Ch 1962</subfield>
    <subfield code="p">SCHO0790</subfield>
    <subfield code="r">2017-04-18 00:00:00</subfield>
    <subfield code="t">11</subfield>
    <subfield code="w">2013-10-16</subfield>
    <subfield code="y">BK</subfield>
  </datafield>
  <datafield tag="952" ind1=" " ind2=" ">
    <subfield code="0">0</subfield>
    <subfield code="1">0</subfield>
    <subfield code="2">lcc</subfield>
    <subfield code="4">0</subfield>
    <subfield code="a">LUX</subfield>
    <subfield code="b">LUX</subfield>
    <subfield code="c">SCHO</subfield>
    <subfield code="d">2013-10-16</subfield>
    <subfield code="l">0</subfield>
    <subfield code="o">PZ 8.3 .Se4684Ch 1962</subfield>
    <subfield code="p">SCHO0789</subfield>
    <subfield code="r">2017-04-18 00:00:00</subfield>
    <subfield code="t">12</subfield>
    <subfield code="w">2013-10-16</subfield>
    <subfield code="y">BK</subfield>
  </datafield>
  <datafield tag="952" ind1=" " ind2=" ">
    <subfield code="0">0</subfield>
    <subfield code="1">0</subfield>
    <subfield code="2">lcc</subfield>
    <subfield code="4">0</subfield>
    <subfield code="a">LUX</subfield>
    <subfield code="b">LUX</subfield>
    <subfield code="c">SCHO</subfield>
    <subfield code="d">2013-10-16</subfield>
    <subfield code="l">0</subfield>
    <subfield code="o">PZ 8.3 .Se4684Ch 1962</subfield>
    <subfield code="p">SCHO0798</subfield>
    <subfield code="r">2017-04-18 00:00:00</subfield>
    <subfield code="t">13</subfield>
    <subfield code="w">2013-10-16</subfield>
    <subfield code="y">BK</subfield>
  </datafield>
  <datafield tag="952" ind1=" " ind2=" ">
    <subfield code="0">0</subfield>
    <subfield code="1">0</subfield>
    <subfield code="2">lcc</subfield>
    <subfield code="4">0</subfield>
    <subfield code="a">LUX</subfield>
    <subfield code="b">LUX</subfield>
    <subfield code="c">SCHO</subfield>
    <subfield code="d">2013-10-16</subfield>
    <subfield code="l">0</subfield>
    <subfield code="o">PZ 8.3 .Se4684Ch 1962</subfield>
    <subfield code="p">SCHO0808</subfield>
    <subfield code="r">2017-04-18 00:00:00</subfield>
    <subfield code="t">14</subfield>
    <subfield code="w">2013-10-16</subfield>
    <subfield code="y">BK</subfield>
  </datafield>
  <datafield tag="952" ind1=" " ind2=" ">
    <subfield code="0">0</subfield>
    <subfield code="1">0</subfield>
    <subfield code="2">lcc</subfield>
    <subfield code="4">0</subfield>
    <subfield code="a">LUX</subfield>
    <subfield code="b">LUX</subfield>
    <subfield code="c">SCHO</subfield>
    <subfield code="d">2013-10-16</subfield>
    <subfield code="l">0</subfield>
    <subfield code="o">PZ 8.3 .Se4684Ch 1962</subfield>
    <subfield code="p">SCHO0807</subfield>
    <subfield code="r">2017-04-18 00:00:00</subfield>
    <subfield code="t">15</subfield>
    <subfield code="w">2013-10-16</subfield>
    <subfield code="y">BK</subfield>
  </datafield>
  <datafield tag="952" ind1=" " ind2=" ">
    <subfield code="0">0</subfield>
    <subfield code="1">0</subfield>
    <subfield code="2">lcc</subfield>
    <subfield code="4">0</subfield>
    <subfield code="a">LUX</subfield>
    <subfield code="b">LUX</subfield>
    <subfield code="c">SCHO</subfield>
    <subfield code="d">2013-10-16</subfield>
    <subfield code="l">0</subfield>
    <subfield code="o">PZ 8.3 .Se4684Ch 1962</subfield>
    <subfield code="p">SCHO0806</subfield>
    <subfield code="r">2017-04-18 00:00:00</subfield>
    <subfield code="t">16</subfield>
    <subfield code="w">2013-10-16</subfield>
    <subfield code="y">BK</subfield>
  </datafield>
  <datafield tag="952" ind1=" " ind2=" ">
    <subfield code="0">0</subfield>
    <subfield code="1">0</subfield>
    <subfield code="2">lcc</subfield>
    <subfield code="4">0</subfield>
    <subfield code="a">LUX</subfield>
    <subfield code="b">LUX</subfield>
    <subfield code="c">SCHO</subfield>
    <subfield code="d">2013-10-16</subfield>
    <subfield code="l">0</subfield>
    <subfield code="o">PZ 8.3 .Se4684Ch 1962</subfield>
    <subfield code="p">SCHO0805</subfield>
    <subfield code="r">2017-04-18 00:00:00</subfield>
    <subfield code="t">17</subfield>
    <subfield code="w">2013-10-16</subfield>
    <subfield code="y">BK</subfield>
  </datafield>
  <datafield tag="952" ind1=" " ind2=" ">
    <subfield code="0">0</subfield>
    <subfield code="1">0</subfield>
    <subfield code="2">lcc</subfield>
    <subfield code="4">0</subfield>
    <subfield code="a">LUX</subfield>
    <subfield code="b">LUX</subfield>
    <subfield code="c">SCHO</subfield>
    <subfield code="d">2013-10-16</subfield>
    <subfield code="l">0</subfield>
    <subfield code="o">PZ 8.3 .Se4684Ch 1962</subfield>
    <subfield code="p">SCHO0804</subfield>
    <subfield code="r">2017-04-18 00:00:00</subfield>
    <subfield code="t">18</subfield>
    <subfield code="w">2013-10-16</subfield>
    <subfield code="y">BK</subfield>
  </datafield>
  <datafield tag="952" ind1=" " ind2=" ">
    <subfield code="0">0</subfield>
    <subfield code="1">0</subfield>
    <subfield code="2">lcc</subfield>
    <subfield code="4">0</subfield>
    <subfield code="a">LUX</subfield>
    <subfield code="b">LUX</subfield>
    <subfield code="c">SCHO</subfield>
    <subfield code="d">2013-10-16</subfield>
    <subfield code="l">0</subfield>
    <subfield code="o">PZ 8.3 .Se4684Ch 1962</subfield>
    <subfield code="p">SCHO0782</subfield>
    <subfield code="r">2017-04-18 00:00:00</subfield>
    <subfield code="t">19</subfield>
    <subfield code="w">2013-10-16</subfield>
    <subfield code="y">BK</subfield>
  </datafield>
  <datafield tag="952" ind1=" " ind2=" ">
    <subfield code="0">0</subfield>
    <subfield code="1">0</subfield>
    <subfield code="2">lcc</subfield>
    <subfield code="4">0</subfield>
    <subfield code="a">LUX</subfield>
    <subfield code="b">LUX</subfield>
    <subfield code="c">SCHO</subfield>
    <subfield code="d">2013-10-16</subfield>
    <subfield code="l">0</subfield>
    <subfield code="o">PZ 8.3 .Se4684Ch 1962</subfield>
    <subfield code="p">SCHO0781</subfield>
    <subfield code="r">2017-04-18 00:00:00</subfield>
    <subfield code="t">20</subfield>
    <subfield code="w">2013-10-16</subfield>
    <subfield code="y">BK</subfield>
  </datafield>
  <datafield tag="952" ind1=" " ind2=" ">
    <subfield code="0">0</subfield>
    <subfield code="1">0</subfield>
    <subfield code="2">lcc</subfield>
    <subfield code="4">0</subfield>
    <subfield code="a">LUX</subfield>
    <subfield code="b">LUX</subfield>
    <subfield code="c">SCHO</subfield>
    <subfield code="d">2013-10-16</subfield>
    <subfield code="l">0</subfield>
    <subfield code="o">PZ 8.3 .Se4684Ch 1962</subfield>
    <subfield code="p">SCHO0780</subfield>
    <subfield code="r">2017-04-18 00:00:00</subfield>
    <subfield code="t">21</subfield>
    <subfield code="w">2013-10-16</subfield>
    <subfield code="y">BK</subfield>
  </datafield>
  <datafield tag="952" ind1=" " ind2=" ">
    <subfield code="0">0</subfield>
    <subfield code="1">0</subfield>
    <subfield code="2">lcc</subfield>
    <subfield code="4">0</subfield>
    <subfield code="a">LUX</subfield>
    <subfield code="b">LUX</subfield>
    <subfield code="c">SCHO</subfield>
    <subfield code="d">2013-10-16</subfield>
    <subfield code="l">0</subfield>
    <subfield code="o">PZ 8.3 .Se4684Ch 1962</subfield>
    <subfield code="p">SCHO0779</subfield>
    <subfield code="r">2017-04-18 00:00:00</subfield>
    <subfield code="t">22</subfield>
    <subfield code="w">2013-10-16</subfield>
    <subfield code="y">BK</subfield>
  </datafield>
  <datafield tag="952" ind1=" " ind2=" ">
    <subfield code="0">0</subfield>
    <subfield code="1">0</subfield>
    <subfield code="2">lcc</subfield>
    <subfield code="4">0</subfield>
    <subfield code="a">LUX</subfield>
    <subfield code="b">LUX</subfield>
    <subfield code="c">SCHO</subfield>
    <subfield code="d">2013-10-16</subfield>
    <subfield code="l">0</subfield>
    <subfield code="o">PZ 8.3 .Se4684Ch 1962</subfield>
    <subfield code="p">SCHO0778</subfield>
    <subfield code="r">2017-04-18 00:00:00</subfield>
    <subfield code="t">23</subfield>
    <subfield code="w">2013-10-16</subfield>
    <subfield code="y">BK</subfield>
  </datafield>
  <datafield tag="952" ind1=" " ind2=" ">
    <subfield code="0">0</subfield>
    <subfield code="1">0</subfield>
    <subfield code="2">lcc</subfield>
    <subfield code="4">0</subfield>
    <subfield code="a">LUX</subfield>
    <subfield code="b">LUX</subfield>
    <subfield code="c">SCHO</subfield>
    <subfield code="d">2013-10-16</subfield>
    <subfield code="l">0</subfield>
    <subfield code="o">PZ 8.3 .Se4684Ch 1962</subfield>
    <subfield code="p">SCHO0785</subfield>
    <subfield code="r">2017-04-18 00:00:00</subfield>
    <subfield code="t">24</subfield>
    <subfield code="w">2013-10-16</subfield>
    <subfield code="y">BK</subfield>
  </datafield>
  <datafield tag="952" ind1=" " ind2=" ">
    <subfield code="0">0</subfield>
    <subfield code="1">0</subfield>
    <subfield code="2">lcc</subfield>
    <subfield code="4">0</subfield>
    <subfield code="a">LUX</subfield>
    <subfield code="b">LUX</subfield>
    <subfield code="c">SCHO</subfield>
    <subfield code="d">2013-10-16</subfield>
    <subfield code="l">0</subfield>
    <subfield code="o">PZ 8.3 .Se4684Ch 1962</subfield>
    <subfield code="p">SCHO0786</subfield>
    <subfield code="r">2017-04-18 00:00:00</subfield>
    <subfield code="t">25</subfield>
    <subfield code="w">2013-10-16</subfield>
    <subfield code="y">BK</subfield>
  </datafield>
  <datafield tag="952" ind1=" " ind2=" ">
    <subfield code="0">0</subfield>
    <subfield code="1">0</subfield>
    <subfield code="2">lcc</subfield>
    <subfield code="4">0</subfield>
    <subfield code="a">LUX</subfield>
    <subfield code="b">LUX</subfield>
    <subfield code="c">SCHO</subfield>
    <subfield code="d">2013-10-16</subfield>
    <subfield code="l">0</subfield>
    <subfield code="o">PZ 8.3 .Se4684Ch 1962</subfield>
    <subfield code="p">SCHO0787</subfield>
    <subfield code="r">2017-04-18 00:00:00</subfield>
    <subfield code="t">26</subfield>
    <subfield code="w">2013-10-16</subfield>
    <subfield code="y">BK</subfield>
  </datafield>
  <datafield tag="952" ind1=" " ind2=" ">
    <subfield code="0">0</subfield>
    <subfield code="1">0</subfield>
    <subfield code="2">lcc</subfield>
    <subfield code="4">0</subfield>
    <subfield code="a">LUX</subfield>
    <subfield code="b">LUX</subfield>
    <subfield code="c">SCHO</subfield>
    <subfield code="d">2013-10-16</subfield>
    <subfield code="l">0</subfield>
    <subfield code="o">PZ 8.3 .Se4684Ch 1962</subfield>
    <subfield code="p">SCHO0788</subfield>
    <subfield code="r">2017-04-18 00:00:00</subfield>
    <subfield code="t">27</subfield>
    <subfield code="w">2013-10-16</subfield>
    <subfield code="y">BK</subfield>
  </datafield>
  <datafield tag="952" ind1=" " ind2=" ">
    <subfield code="0">0</subfield>
    <subfield code="1">0</subfield>
    <subfield code="2">lcc</subfield>
    <subfield code="4">0</subfield>
    <subfield code="a">LUX</subfield>
    <subfield code="b">LUX</subfield>
    <subfield code="c">SCHO</subfield>
    <subfield code="d">2013-10-16</subfield>
    <subfield code="l">0</subfield>
    <subfield code="o">PZ 8.3 .Se4684Ch 1962</subfield>
    <subfield code="p">SCHO0794</subfield>
    <subfield code="r">2017-04-18 00:00:00</subfield>
    <subfield code="t">28</subfield>
    <subfield code="w">2013-10-16</subfield>
    <subfield code="y">BK</subfield>
  </datafield>
  <datafield tag="952" ind1=" " ind2=" ">
    <subfield code="0">0</subfield>
    <subfield code="1">0</subfield>
    <subfield code="2">lcc</subfield>
    <subfield code="4">0</subfield>
    <subfield code="a">LUX</subfield>
    <subfield code="b">LUX</subfield>
    <subfield code="c">SCHO</subfield>
    <subfield code="d">2013-10-16</subfield>
    <subfield code="l">0</subfield>
    <subfield code="o">PZ 8.3 .Se4684Ch 1962</subfield>
    <subfield code="p">SCHO0795</subfield>
    <subfield code="r">2017-04-18 00:00:00</subfield>
    <subfield code="t">29</subfield>
    <subfield code="w">2013-10-16</subfield>
    <subfield code="y">BK</subfield>
  </datafield>
  <datafield tag="952" ind1=" " ind2=" ">
    <subfield code="0">0</subfield>
    <subfield code="1">0</subfield>
    <subfield code="2">lcc</subfield>
    <subfield code="4">0</subfield>
    <subfield code="a">LUX</subfield>
    <subfield code="b">LUX</subfield>
    <subfield code="c">SCHO</subfield>
    <subfield code="d">2013-10-16</subfield>
    <subfield code="l">0</subfield>
    <subfield code="o">PZ 8.3 .Se4684Ch 1962</subfield>
    <subfield code="p">SCHO0796</subfield>
    <subfield code="r">2017-04-18 00:00:00</subfield>
    <subfield code="t">30</subfield>
    <subfield code="w">2013-10-16</subfield>
    <subfield code="y">BK</subfield>
  </datafield>
  <datafield tag="952" ind1=" " ind2=" ">
    <subfield code="0">0</subfield>
    <subfield code="1">0</subfield>
    <subfield code="2">lcc</subfield>
    <subfield code="4">0</subfield>
    <subfield code="a">LUX</subfield>
    <subfield code="b">LUX</subfield>
    <subfield code="c">SCHO</subfield>
    <subfield code="d">2013-10-16</subfield>
    <subfield code="l">0</subfield>
    <subfield code="o">PZ 8.3 .Se4684Ch 1962</subfield>
    <subfield code="p">SCHO0797</subfield>
    <subfield code="r">2017-04-18 00:00:00</subfield>
    <subfield code="t">31</subfield>
    <subfield code="w">2013-10-16</subfield>
    <subfield code="y">BK</subfield>
  </datafield>
  <datafield tag="952" ind1=" " ind2=" ">
    <subfield code="0">0</subfield>
    <subfield code="1">0</subfield>
    <subfield code="2">lcc</subfield>
    <subfield code="4">0</subfield>
    <subfield code="a">LUX</subfield>
    <subfield code="b">LUX</subfield>
    <subfield code="c">SCHO</subfield>
    <subfield code="d">2013-10-16</subfield>
    <subfield code="l">0</subfield>
    <subfield code="o">PZ 8.3 .Se4684Ch 1962</subfield>
    <subfield code="p">SCHO0809</subfield>
    <subfield code="r">2017-04-18 00:00:00</subfield>
    <subfield code="t">32</subfield>
    <subfield code="w">2013-10-16</subfield>
    <subfield code="y">BK</subfield>
  </datafield>
  <datafield tag="952" ind1=" " ind2=" ">
    <subfield code="0">0</subfield>
    <subfield code="1">0</subfield>
    <subfield code="2">lcc</subfield>
    <subfield code="4">0</subfield>
    <subfield code="a">LUX</subfield>
    <subfield code="b">LUX</subfield>
    <subfield code="c">SCHO</subfield>
    <subfield code="d">2013-10-16</subfield>
    <subfield code="l">0</subfield>
    <subfield code="o">PZ 8.3 .Se4684Ch 1962</subfield>
    <subfield code="p">SCHO0810</subfield>
    <subfield code="r">2017-04-18 00:00:00</subfield>
    <subfield code="t">33</subfield>
    <subfield code="w">2013-10-16</subfield>
    <subfield code="y">BK</subfield>
  </datafield>
  <datafield tag="952" ind1=" " ind2=" ">
    <subfield code="0">0</subfield>
    <subfield code="1">0</subfield>
    <subfield code="2">lcc</subfield>
    <subfield code="4">0</subfield>
    <subfield code="a">LUX</subfield>
    <subfield code="b">LUX</subfield>
    <subfield code="c">SCHO</subfield>
    <subfield code="d">2013-10-16</subfield>
    <subfield code="l">0</subfield>
    <subfield code="o">PZ 8.3 .Se4684Ch 1962</subfield>
    <subfield code="p">SCHO0811</subfield>
    <subfield code="r">2017-04-18 00:00:00</subfield>
    <subfield code="t">34</subfield>
    <subfield code="w">2013-10-16</subfield>
    <subfield code="y">BK</subfield>
  </datafield>
  <datafield tag="952" ind1=" " ind2=" ">
    <subfield code="0">0</subfield>
    <subfield code="1">0</subfield>
    <subfield code="2">lcc</subfield>
    <subfield code="4">0</subfield>
    <subfield code="a">LUX</subfield>
    <subfield code="b">LUX</subfield>
    <subfield code="c">SCHO</subfield>
    <subfield code="d">2013-10-16</subfield>
    <subfield code="l">0</subfield>
    <subfield code="o">PZ 8.3 .Se4684Ch 1962</subfield>
    <subfield code="p">SCHO0812</subfield>
    <subfield code="r">2017-04-18 00:00:00</subfield>
    <subfield code="t">35</subfield>
    <subfield code="w">2013-10-16</subfield>
    <subfield code="y">BK</subfield>
  </datafield>
  <datafield tag="952" ind1=" " ind2=" ">
    <subfield code="0">0</subfield>
    <subfield code="1">0</subfield>
    <subfield code="2">lcc</subfield>
    <subfield code="4">0</subfield>
    <subfield code="a">LUX</subfield>
    <subfield code="b">LUX</subfield>
    <subfield code="c">SCHO</subfield>
    <subfield code="d">2013-10-16</subfield>
    <subfield code="l">0</subfield>
    <subfield code="o">PZ 8.3 .Se4684Ch 1962</subfield>
    <subfield code="p">SCHO0813</subfield>
    <subfield code="r">2017-04-18 00:00:00</subfield>
    <subfield code="t">36</subfield>
    <subfield code="w">2013-10-16</subfield>
    <subfield code="y">BK</subfield>
  </datafield>
  <datafield tag="952" ind1=" " ind2=" ">
    <subfield code="0">0</subfield>
    <subfield code="1">0</subfield>
    <subfield code="2">lcc</subfield>
    <subfield code="4">0</subfield>
    <subfield code="a">LUX</subfield>
    <subfield code="b">LUX</subfield>
    <subfield code="c">SCHO</subfield>
    <subfield code="d">2013-10-16</subfield>
    <subfield code="l">0</subfield>
    <subfield code="o">PZ 8.3 .Se4684Ch 1962</subfield>
    <subfield code="p">SCHO0814</subfield>
    <subfield code="r">2017-04-18 00:00:00</subfield>
    <subfield code="t">37</subfield>
    <subfield code="w">2013-10-16</subfield>
    <subfield code="y">BK</subfield>
  </datafield>
  <datafield tag="952" ind1=" " ind2=" ">
    <subfield code="0">0</subfield>
    <subfield code="1">0</subfield>
    <subfield code="2">lcc</subfield>
    <subfield code="4">0</subfield>
    <subfield code="a">LUX</subfield>
    <subfield code="b">LUX</subfield>
    <subfield code="c">SCHO</subfield>
    <subfield code="d">2013-10-16</subfield>
    <subfield code="l">0</subfield>
    <subfield code="o">PZ 8.3 .Se4684Ch 1962</subfield>
    <subfield code="p">SCHO0768</subfield>
    <subfield code="r">2018-10-26 00:00:00</subfield>
    <subfield code="t">38</subfield>
    <subfield code="w">2013-10-16</subfield>
    <subfield code="y">BK</subfield>
  </datafield>
  <datafield tag="952" ind1=" " ind2=" ">
    <subfield code="0">0</subfield>
    <subfield code="1">0</subfield>
    <subfield code="2">lcc</subfield>
    <subfield code="4">0</subfield>
    <subfield code="a">LUX</subfield>
    <subfield code="b">LUX</subfield>
    <subfield code="c">SCHO</subfield>
    <subfield code="d">2013-10-16</subfield>
    <subfield code="l">0</subfield>
    <subfield code="o">PZ 8.3 .Se4684Ch 1962</subfield>
    <subfield code="p">SCHO0769</subfield>
    <subfield code="r">2017-04-18 00:00:00</subfield>
    <subfield code="t">39</subfield>
    <subfield code="w">2013-10-16</subfield>
    <subfield code="y">BK</subfield>
  </datafield>
  <datafield tag="952" ind1=" " ind2=" ">
    <subfield code="0">0</subfield>
    <subfield code="1">0</subfield>
    <subfield code="2">lcc</subfield>
    <subfield code="4">0</subfield>
    <subfield code="a">LUX</subfield>
    <subfield code="b">LUX</subfield>
    <subfield code="c">SCHO</subfield>
    <subfield code="d">2013-10-16</subfield>
    <subfield code="l">0</subfield>
    <subfield code="o">PZ 8.3 .Se4684Ch 1962</subfield>
    <subfield code="p">SCHO0770</subfield>
    <subfield code="r">2017-04-18 00:00:00</subfield>
    <subfield code="t">40</subfield>
    <subfield code="w">2013-10-16</subfield>
    <subfield code="y">BK</subfield>
  </datafield>
  <datafield tag="952" ind1=" " ind2=" ">
    <subfield code="0">0</subfield>
    <subfield code="1">0</subfield>
    <subfield code="2">lcc</subfield>
    <subfield code="4">0</subfield>
    <subfield code="a">LUX</subfield>
    <subfield code="b">LUX</subfield>
    <subfield code="c">SCHO</subfield>
    <subfield code="d">2013-10-16</subfield>
    <subfield code="l">0</subfield>
    <subfield code="o">PZ 8.3 .Se4684Ch 1962</subfield>
    <subfield code="p">SCHO0771</subfield>
    <subfield code="r">2017-04-18 00:00:00</subfield>
    <subfield code="t">41</subfield>
    <subfield code="w">2013-10-16</subfield>
    <subfield code="y">BK</subfield>
  </datafield>
  <datafield tag="952" ind1=" " ind2=" ">
    <subfield code="0">0</subfield>
    <subfield code="1">0</subfield>
    <subfield code="2">lcc</subfield>
    <subfield code="4">0</subfield>
    <subfield code="a">LUX</subfield>
    <subfield code="b">LUX</subfield>
    <subfield code="c">SCHO</subfield>
    <subfield code="d">2013-10-16</subfield>
    <subfield code="l">0</subfield>
    <subfield code="o">PZ 8.3 .Se4684Ch 1962</subfield>
    <subfield code="p">SCHO0772</subfield>
    <subfield code="r">2017-04-18 00:00:00</subfield>
    <subfield code="t">42</subfield>
    <subfield code="w">2013-10-16</subfield>
    <subfield code="y">BK</subfield>
  </datafield>
  <datafield tag="952" ind1=" " ind2=" ">
    <subfield code="0">0</subfield>
    <subfield code="1">0</subfield>
    <subfield code="2">lcc</subfield>
    <subfield code="4">0</subfield>
    <subfield code="a">LUX</subfield>
    <subfield code="b">LUX</subfield>
    <subfield code="c">SCHO</subfield>
    <subfield code="d">2013-10-16</subfield>
    <subfield code="l">0</subfield>
    <subfield code="o">PZ 8.3 .Se4684Ch 1962</subfield>
    <subfield code="p">SCHO0773</subfield>
    <subfield code="r">2017-04-18 00:00:00</subfield>
    <subfield code="t">43</subfield>
    <subfield code="w">2013-10-16</subfield>
    <subfield code="y">BK</subfield>
  </datafield>
  <datafield tag="952" ind1=" " ind2=" ">
    <subfield code="0">0</subfield>
    <subfield code="1">0</subfield>
    <subfield code="2">lcc</subfield>
    <subfield code="4">0</subfield>
    <subfield code="a">LUX</subfield>
    <subfield code="b">LUX</subfield>
    <subfield code="c">SCHO</subfield>
    <subfield code="d">2013-10-16</subfield>
    <subfield code="l">0</subfield>
    <subfield code="o">PZ 8.3 .Se4684Ch 1962</subfield>
    <subfield code="p">SCHO0774</subfield>
    <subfield code="r">2017-04-18 00:00:00</subfield>
    <subfield code="t">44</subfield>
    <subfield code="w">2013-10-16</subfield>
    <subfield code="y">BK</subfield>
  </datafield>
  <datafield tag="952" ind1=" " ind2=" ">
    <subfield code="0">0</subfield>
    <subfield code="1">0</subfield>
    <subfield code="2">lcc</subfield>
    <subfield code="4">0</subfield>
    <subfield code="a">LUX</subfield>
    <subfield code="b">LUX</subfield>
    <subfield code="c">SCHO</subfield>
    <subfield code="d">2013-10-16</subfield>
    <subfield code="l">0</subfield>
    <subfield code="o">PZ 8.3 .Se4684Ch 1962</subfield>
    <subfield code="p">SCHO0775</subfield>
    <subfield code="r">2017-04-18 00:00:00</subfield>
    <subfield code="t">45</subfield>
    <subfield code="w">2013-10-16</subfield>
    <subfield code="y">BK</subfield>
  </datafield>
  <datafield tag="952" ind1=" " ind2=" ">
    <subfield code="0">0</subfield>
    <subfield code="1">0</subfield>
    <subfield code="2">lcc</subfield>
    <subfield code="4">0</subfield>
    <subfield code="a">LUX</subfield>
    <subfield code="b">LUX</subfield>
    <subfield code="c">SCHO</subfield>
    <subfield code="d">2013-10-16</subfield>
    <subfield code="l">0</subfield>
    <subfield code="o">PZ 8.3 .Se4684Ch 1962</subfield>
    <subfield code="p">SCHO0776</subfield>
    <subfield code="r">2017-04-18 00:00:00</subfield>
    <subfield code="t">46</subfield>
    <subfield code="w">2013-10-16</subfield>
    <subfield code="y">BK</subfield>
  </datafield>
  <datafield tag="952" ind1=" " ind2=" ">
    <subfield code="0">0</subfield>
    <subfield code="1">0</subfield>
    <subfield code="2">lcc</subfield>
    <subfield code="4">0</subfield>
    <subfield code="a">LUX</subfield>
    <subfield code="b">LUX</subfield>
    <subfield code="c">SCHO</subfield>
    <subfield code="d">2013-10-16</subfield>
    <subfield code="l">0</subfield>
    <subfield code="o">PZ 8.3 .Se4684Ch 1962</subfield>
    <subfield code="p">SCHO0777</subfield>
    <subfield code="r">2017-04-18 00:00:00</subfield>
    <subfield code="t">47</subfield>
    <subfield code="w">2013-10-16</subfield>
    <subfield code="y">BK</subfield>
  </datafield>
</record>
